[Event "CZE-chT2A 1516"]
[Site "Czech Republic"]
[Date "2016.02.21"]
[Round "8.7"]
[White "Pribyl, Petr"]
[Black "Kracik, Dobroslav"]
[Result "1/2-1/2"]
[WhiteElo "1990"]
[BlackElo "1954"]
[PlyCount "53"]
[EventDate "2015.10.18"]
[EventType "team-tourn"]
[EventRounds "11"]
[EventCountry "CZE"]
[SourceTitle "EXT 2022"]
[Source "ChessBase"]
[SourceDate "2021.10.06"]
[SourceVersion "1"]
[SourceVersionDate "2021.10.06"]
[SourceQuality "1"]
[WhiteTeam "Plzen Kosutka"]
[BlackTeam "Line"]
[WhiteTeamCountry "CZE"]
[BlackTeamCountry "CZE"]

1. e4 c5 2. d4 cxd4 3. c3 dxc3 4. Nxc3 d6 5. Bc4 e6 6. Nf3 Be7 7. 0-0 Nf6 8. Qe2 Nc6 9. Rd1 Qc7 10. Nb5 Qb8 11. Bg5 a6 12. Bxf6 gxf6 13. Nbd4 Bd7 14. Rac1 Qa7 15. a3 h5 16. Ba2 Rc8 17. Rc3 Nxd4 18. Rxc8+ Bxc8 19. Nxd4 Qc5 20. Qd2 Bd7 21. Rc1 Qb6 22. Rc3 Rg8 23. Rb3 Qa7 24. Rc3 Rg5 25. h3 Re5 26. Rg3 Rg5 27. Rc3 1/2-1/2